Técnicas de los grandes pintores
Guardat en:
| Autor principal: | |
|---|---|
| Format: | Llibre |
| Idioma: | espanyol |
| Publicat: |
Madrid
H. Blume
1981
|
| Matèries: | |
| Etiquetes: |
Afegir etiqueta
Sense etiquetes, Sigues el primer a etiquetar aquest registre!
|
MARC
| LEADER | 00000nam a2200000 a 4500 | ||
|---|---|---|---|
| 001 | UCO4548 | ||
| 003 | CL-VaPUC | ||
| 008 | 000804e19810000SP |||||||||||||||||spa|d | ||
| 082 | 0 | 4 | |a 751.4 |b JAN |2 21 |
| 100 | 0 | |a Januszczak, Waldemar |e author |9 449102 | |
| 245 | 1 | 0 | |a Técnicas de los grandes pintores |
| 300 | |a 192 p | ||
| 942 | |c BK | ||
| 945 | |d 20000804 00:00:00 |a crobeson | ||
| 260 | |a Madrid |b H. Blume |c 1981 | ||
| 650 | 0 | |a Pintura |9 265046 | |
| 650 | 7 | |a TECNICAS |2 CL-VaPUC |9 315860 | |
| 650 | 0 | |a Estilos artísticos |9 340996 | |
| 650 | 0 | |a Pintores |9 265963 | |
| 583 | |a last modification |c 20000804 00:00:00 |k Rodrigo Vera | ||
| 999 | |c 290578 |d 290576 | ||
| 952 | |0 0 |1 0 |4 0 |6 751_400000000000000_JAN_1981 |7 0 |8 A |9 340092 |a BIBART |b BIBART |d 2019-11-20 |i 1214055 |l 3 |o 751.4 JAN 1981 |p 1214055 |r 2025-03-13 |s 2023-08-16 |w 2019-11-20 |y BK |k ART | ||